El evangelio del Tepeyac / (Registro nro. 30483)
[ vista simple ]
| 000 -LEADER | |
|---|---|
| fixed length control field | 01086cam a2200289 i 4500 |
| 001 - CONTROL NUMBER | |
| control field | 30483 |
| 003 - CONTROL NUMBER IDENTIFIER | |
| control field | Mx-PuUPA |
| 005 - DATE AND TIME OF LATEST TRANSACTION | |
| control field | 20250805131918.0 |
| 008 - FIXED-LENGTH DATA ELEMENTS--GENERAL INFORMATION | |
| fixed length control field | 140415s2003 mx a gr 000 0 spa d |
| 020 ## - INTERNATIONAL STANDARD BOOK NUMBER | |
| International Standard Book Number | 9709296914 |
| 040 ## - CATALOGING SOURCE | |
| Original cataloging agency | Mx-PuUPA |
| Language of cataloging | spa |
| Transcribing agency | Mx-PuUPA |
| Modifying agency | Mx-PuUPA |
| Description conventions | rda |
| 041 0# - LANGUAGE CODE | |
| Language code of text/sound track or separate title | spa |
| 100 1# - MAIN ENTRY--PERSONAL NAME | |
| Personal name | Guerrero, José Luis, |
| 9 (RLIN) | 14036 |
| Relator term | autor |
| 245 13 - TITLE STATEMENT | |
| Title | El evangelio del Tepeyac / |
| Statement of responsibility, etc. | José Luis Guerrero |
| 264 #3 - PRODUCTION, PUBLICATION, DISTRIBUTION, MANUFACTURE, AND COPYRIGHT NOTICE | |
| Place of production, publication, distribution, manufacture | México, D.F. : |
| Name of producer, publisher, distributor, manufacturer | Imprenta Analuver, |
| Date of production, publication, distribution, manufacture, or copyright notice | 2003 |
| 300 ## - PHYSICAL DESCRIPTION | |
| Extent | 136 páginas : |
| Other physical details | ilustraciones (en color) ; |
| Dimensions | 22 cm |
| 336 ## - CONTENT TYPE | |
| Fuente | rdacontent |
| Content type term | texto |
| Content type code | txt |
| 337 ## - MEDIA TYPE | |
| Source | rdamedia |
| Media type term | sin medio |
| Media type code | n |
| 338 ## - CARRIER TYPE | |
| Source | rdacarrier |
| Carrier type term | volumen |
| Carrier type code | nc |
| 600 04 - SUBJECT ADDED ENTRY--PERSONAL NAME | |
| Personal name | Virgen de Guadalupe |
| General subdivision | Apariciones y milagros |
| Form subdivision | Fuentes |
| 600 04 - SUBJECT ADDED ENTRY--PERSONAL NAME | |
| Personal name | Juan Diego, |
| Title of a work | Santo |
| Dates associated with a name | 1474-1548 |
| 650 #7 - SUBJECT ADDED ENTRY--TOPICAL TERM | |
| Source of heading or term | armarc |
| Topical term or geographic name entry element | Iglesia Católica |
| General subdivision | Doctrinas |
| -- | Historia |
| Chronological subdivision | Siglo XVI |
| Form subdivision | Fuentes |
| 650 #7 - SUBJECT ADDED ENTRY--TOPICAL TERM | |
| Source of heading or term | armarc |
| Topical term or geographic name entry element | Iglesia Católica |
| Geographic subdivision | México |
| General subdivision | Historia |
| Chronological subdivision | Siglo XVI |
| Form subdivision | Fuentes |
| 650 #7 - SUBJECT ADDED ENTRY--TOPICAL TERM | |
| Source of heading or term | armarc |
| Topical term or geographic name entry element | Peregrinaciones cristianas |
| Geographic subdivision | México |
| General subdivision | Historia |
| 942 ## - ADDED ENTRY ELEMENTS (KOHA) | |
| Source of classification or shelving scheme | Dewey Decimal Classification |
| Koha item type | Libro |
| Classification part | 232.91709 |
| Item part | G24 |
| Withdrawn status | Lost status | Source of classification or shelving scheme | Damaged status | Not for loan | Collection code | Home library | Current library | Shelving location | Date acquired | Source of acquisition | Total Checkouts | Full call number | Barcode | Date last seen | Price effective from | Koha item type |
|---|---|---|---|---|---|---|---|---|---|---|---|---|---|---|---|---|
| Dewey Decimal Classification | General | Centro de Estudios Guadalupanos | Centro de Estudios Guadalupanos | Sala general | 03/12/2013 | Compra | 232.91709 G24 2003 | 47160 | 05/01/2026 | 03/12/2013 | Libro |